Humorismo en recesión: un centenar de puro puros en orden alfabético

Uloženo v:
Podrobná bibliografie
Hlavní autor: Punzón (Autor)
Médium: Kniha
Jazyk:španělština
Vydáno: Santiago Pax-Chile 1983
Témata:
Tagy: Přidat tag
Žádné tagy, Buďte první, kdo vytvoří štítek k tomuto záznamu!

MARC

LEADER 00000nam a2200000 a 4500
001 UCX2526
003 CL-VaPUC
008 910612e19830000CL |||||||||||||||||spa|d
082 0 4 |a Ch867  |b PUN  |2 21 
100 0 |a Punzón  |e author  |9 318482 
245 1 0 |a Humorismo en recesión: un centenar de puro puros en orden alfabético 
300 |a 136 p 
942 |c BK 
945 |d 19910612 00:00:00 
260 |a Santiago  |b Pax-Chile  |c 1983 
650 0 |a Humorismo chileno  |9 318483 
583 |a last modification  |c 19910612 00:00:00  |k Rodrigo Vera 
999 |c 223529  |d 223527 
952 |0 0  |1 0  |4 0  |6 CH_867_000000000000000_PUN_1983  |7 0  |8 A  |9 219438  |a BIBEDU  |b BIBEDU  |d 2019-11-15  |i 2881586  |o Ch867 PUN 1983  |p 2881586  |r 2019-11-15  |w 2019-11-15  |y BK  |k LIT